00337nam a2200121Ia 4500008004100000041000800041082001500049100002200064245004000086260004700126300003100173365001100204240624s9999 xx 000 0 und d aeng a005.74 IYE aIYENGAR VENUGOPAL aINFORMATION SECURITY FOR MANAGEMENT c2008aNew DelhibHimalaya Publishing House avii, : 102 : p. : cm. ; 27 cRSb25